La mediación docente para el desarrollo de competencias cognitivas en primaria /
Obra en que se ofrece un modelo de enseñanza que busca que los alumnos logren un mejor desempeño educativo que les permita transferir lo aprendido en la escuela a la vida cotidiana. Se basa en la teoría sociocultural de Vigotsky, en particular en los conceptos de herramienta psicológica y mediación.
Salvato in:
| Autore principale: | |
|---|---|
| Altri autori: | , |
| Natura: | Libro |
| Lingua: | spagnolo |
| Pubblicazione: |
Guadalajara, México :
ITESO,
2008, c2008
|
| Serie: | (Prácticas Docentes Innovadoras)
|
| Soggetti: | |
| Tags: |
Nessun Tag, puoi essere il primo ad aggiungerne!!
|
MARC
| LEADER | 00000nam^a2200000^a^4500 | ||
|---|---|---|---|
| 001 | 000392018 | ||
| 005 | 20250521000000.0 | ||
| 009 | 20260526143215.662 | ||
| 020 | |a 978-968-9524-10-6 | ||
| 037 | |a Acervo Xavier Clavigero | ||
| 041 | |a ESP | ||
| 082 | |a 153. 4 |b CRE | ||
| 100 | |a Crespo Michel, Blanca Margarita |e (autor) | ||
| 245 | 1 | 3 | |a La mediación docente para el desarrollo de competencias cognitivas en primaria / |c B.M. Crespo Michel, F.J. Enríquez Echeverría, S.E. Rivera Alcalá. |
| 264 | 4 | |a Guadalajara, México : |b ITESO, |c 2008, c2008 | |
| 300 | |a 1 folleto (40 p.) | ||
| 336 | |a texto |b txt |2 rdacontenido | ||
| 337 | |a sin mediación |b n |2 rdamedio | ||
| 338 | |a volumen |b nc |2 rdasoporte | ||
| 440 | 1 | |a (Prácticas Docentes Innovadoras) | |
| 520 | |a Obra en que se ofrece un modelo de enseñanza que busca que los alumnos logren un mejor desempeño educativo que les permita transferir lo aprendido en la escuela a la vida cotidiana. Se basa en la teoría sociocultural de Vigotsky, en particular en los conceptos de herramienta psicológica y mediación. | ||
| 649 | |a XX | ||
| 650 | |a Desarrollo Cognoscitivo - |x Tema Principal | ||
| 650 | |a Psicología Cognitiva | ||
| 650 | |a Competencias (Educación) - |x Tema Principal | ||
| 650 | |a Aprendizaje | ||
| 650 | |a Práctica Educativa | ||
| 650 | |a Docencia | ||
| 650 | |a Proceso Educativo | ||
| 650 | |a Educación Primaria - |x Tema Principal | ||
| 650 | |a Psicología Educativa | ||
| 700 | |a Enríquez Echeverría, Felipe de Jesús |e (autor) | ||
| 700 | |a Rivera Alcalá, Silvia Esthela |e (autor) | ||
| 910 | |a Fondo General | ||
| 920 | |a Impresos - Libros | ||
| 930 | |a Colección General | ||
| 905 | |a 101 | ||
| 901 | |a 0500286809 |b IT2 |c FOL |i FXC D2272 |u 20250521 | ||
| 902 | |a https://opac.biblio.iteso.mx/vufind/Record/000392018 | ||